书目信息 |
| 题名: |
水力学
|
|
| 作者: | 刘鹤年 编 | |
| 分册: | ||
| 出版信息: | 北京 中国建筑工业出版社 1998.12 |
|
| 页数: | 210页 | |
| 开本: | 16开 | |
| 丛书名: | ||
| 单 册: | ||
| 中图分类: | TV13 | |
| 科图分类: | ||
| 主题词: | 水力学 , 热工水力学 | |
| 电子资源: | ||
| ISBN: | 7-112-03541-4 | |
| 000 | 00516nam0 2200193 45 | |
| 001 | 0012101534 | |
| 005 | 20081023093517.93 | |
| 010 | @a7-112-03541-4@dCNY 13.90 | |
| 100 | @a20001210d1998 km y0chiy0120 ea | |
| 101 | 0 | @achi |
| 200 | 1 | @a水力学@AShui Li Xue@f刘鹤年编@FLiu He Nian Bian |
| 210 | @a北京@c中国建筑工业出版社@d1998.12 | |
| 215 | @a210页@d16开 | |
| 606 | 0 | @a水力学 |
| 606 | 0 | @a热工水力学 |
| 690 | @aTV13@v3 | |
| 701 | 0 | @a刘鹤年@4编 |
| 801 | @aCN@bPftUser@c20081023 | |
| 905 | @b303292-296@dTV13@eL580@f5 | |
| 水力学/刘鹤年编.-北京:中国建筑工业出版社,1998.12 |
| 210页;16开 |
| ISBN 7-112-03541-4:CNY 13.90 |
| ● |
| 相关链接 |
|
|
|
正题名:水力学
索取号:TV13/L580
 
预约/预借
| 序号 | 登录号 | 条形码 | 馆藏地/架位号 | 状态 | 备注 |
| 1 | 303292 | 203032921 | 自科二线504/504自科库 31排1列2层/ [索取号:TV13/L580] | 在馆 | |
| 2 | 303293 | 203032930 | 自科二线504/504自科库 31排1列2层/ [索取号:TV13/L580] | 在馆 | |
| 3 | 303294 | 203032949 | 自科二线504/504自科库 31排1列2层/ [索取号:TV13/L580] | 在馆 | |
| 4 | 303295 | 203032958 | 自科二线504/504自科库 31排1列2层/ [索取号:TV13/L580] | 在馆 | |
| 5 | 303296 | 203032967 | 自科二线504/504自科库 31排1列2层/ [索取号:TV13/L580] | 在馆 | |
| 6 | 445005 | 204450058 | 自科二线504/504自科库 31排1列2层/ [索取号:TV13/L580] | 在馆 | |
| 7 | 458562 | 204585626 | 市政与环境工程学院资料室/501自科库 47排4列1层/ [索取号:TV13/L580] | 在馆 | |
| 8 | 458563 | 204585635 | 自科二线504/504自科库 31排1列2层/ [索取号:TV13/L580] | 在馆 | |
| 9 | 458564 | 204585644 | 自科二线504/504自科库 31排1列2层/ [索取号:TV13/L580] | 在馆 | |
| 10 | 458565 | 204585653 | 市政与环境工程学院资料室/501自科库 47排4列1层/ [索取号:TV13/L580] | 在馆 | |
| 11 | 458566 | 204585662 | 自科二线504/504自科库 31排1列2层/ [索取号:TV13/L580] | 在馆 | |
| 12 | 458567 | 204585671 | 自科二线504/504自科库 31排1列2层/ [索取号:TV13/L580] | 在馆 | |
| 13 | 458568 | 204585680 | 自科二线504/504自科库 31排1列2层/ [索取号:TV13/L580] | 在馆 | |
| 14 | 458569 | 204585699 | 自科二线504/504自科库 31排1列2层/ [索取号:TV13/L580] | 在馆 | |
| 15 | 458570 | 204585706 | 自科二线504/504自科库 31排1列2层/ [索取号:TV13/L580] | 在馆 | |
| 16 | 458571 | 204585715 | 自科二线504/504自科库 31排1列2层/ [索取号:TV13/L580] | 在馆 | |
| 17 | 458572 | 204585724 | 自科二线504/504自科库 31排1列2层/ [索取号:TV13/L580] | 在馆 | |
| 18 | 458573 | 204585733 | 自科二线504/504自科库 31排1列2层/ [索取号:TV13/L580] | 在馆 | |
| 19 | 458574 | 204585742 | 自科二线504/504自科库 31排1列2层/ [索取号:TV13/L580] | 在馆 | |
| 20 | 458575 | 204585751 | 自科二线504/504自科库 31排1列2层/ [索取号:TV13/L580] | 在馆 | |
| 21 | 458576 | 204585760 | 市政与环境工程学院资料室/501自科库 47排4列1层/ [索取号:TV13/L580] | 在馆 | |
| 22 | 458577 | 204585779 | 自科二线504/504自科库 31排1列2层/ [索取号:TV13/L580] | 在馆 | |
| 23 | 458578 | 204585788 | 自科二线504/504自科库 31排1列2层/ [索取号:TV13/L580] | 在馆 | |
| 24 | 458579 | 204585797 | 自科二线504/504自科库 31排1列2层/ [索取号:TV13/L580] | 在馆 | |
| 25 | 458580 | 204585804 | 自科二线504/504自科库 31排1列2层/ [索取号:TV13/L580] | 在馆 | |
| 26 | 458581 | 204585813 | 自科二线504/504自科库 31排1列2层/ [索取号:TV13/L580] | 在馆 | |
| 27 | 458582 | 204585822 | 自科二线504/504自科库 31排1列2层/ [索取号:TV13/L580] | 在馆 | |
| 28 | 458583 | 204585831 | 自科二线504/504自科库 31排1列2层/ [索取号:TV13/L580] | 在馆 | |
| 29 | 458584 | 204585840 | 自科二线504/504自科库 31排1列2层/ [索取号:TV13/L580] | 在馆 | |
| 30 | 458585 | 204585859 | 自科二线504/504自科库 31排1列2层/ [索取号:TV13/L580] | 在馆 | |
| 31 | 458586 | 204585868 | 自科二线504/504自科库 31排1列2层/ [索取号:TV13/L580] | 在馆 | |
| 32 | 458587 | 204585877 | 自科二线504/504自科库 31排1列2层/ [索取号:TV13/L580] | 在馆 | |
| 33 | 458588 | 204585886 | 自科二线504/504自科库 31排1列2层/ [索取号:TV13/L580] | 在馆 | |
| 34 | 458589 | 204585895 | 自科库501/501自科库 47排4列1层/ [索取号:TV13/L580] | 在馆 | |
| 35 | 458590 | 204585902 | 自科库501/501自科库 47排4列1层/ [索取号:TV13/L580] | 在馆 | |
| 36 | 458591 | 204585911 | 自科二线504/504自科库 31排1列2层/ [索取号:TV13/L580] | 在馆 |